000 01287nam a22003377a 4500
003 CHAP
005 20220329141050.0
008 971013s1995 r 00010 d
010 _a62108
011 _a63080
035 _a67256
040 _cCHAP
090 _aTesis
100 0 0 _aVázquez Chan, Adriano.
_9120321
245 _aPruebas de respuesta de línas androfértiles en genotipos androésteriles con diferentes tipos de citoplasmas y estimación de heterosis en caracteres de la planta de sorgo ( Sorghum bicolor (L.) Moench) en Marín, N. L. otoño - invierno 1994-95
260 _aMarín, N. L. :
_bEl autor,
_c1995
300 _a130 h.
_b: ilus.
502 _aTesis (Ing. Agr. Fitotecnista) -- Universidad Autónoma de Nuevo León. Facultad de Agronomía
590 _aALEPH
_b10
_c20130110
_lUCH01
_h1345
590 _aBATCH-UPD
_b10
_c20130110
_lUCH01
_h1846
590 _aBATCH-UPD
_b10
_c20130410
_lUCH01
_h1216
590 _aBATCH-UPD
_b10
_c20130914
_lUCH01
_h1612
590 _aCONVERSION
_b10
_c20130109
_lUCH01
_h1333
650 1 4 _aHeterosis.
_955071
650 1 4 _aSorgo
_xGenética.
_9108673
650 1 4 _aSorgo
_xHíbridos.
_9108681
650 1 4 _aSorgo
_xNuevo León.
_9108702
901 _aBK
942 _cTESIS
949 _bBC
_cTES
_d-152487
_eTS1
_h30988
_i67256
_si
999 _c62108
_d62108